000 01245cam a2200301 a 4500
999 _c22600
_d22600
001 12150447
003 BDDh-ASL
005 20231015030139.0
008 000822s2000 coua b 001 0 eng
010 _a 00063179
020 _a1588680304 (pbk.)
040 _aDLC
_cDLC
_dDLC
_dBDDh-ASL
043 _aaz-----
050 0 0 _aGE160.S64
_bG33 2000
082 0 0 _a363.754
_221
_bNAE
100 1 _aGaan, Narottam.
245 1 0 _aEnvironment and national security :
_bthe South Asian experience /
_cNarottam Gaan.
260 _aDenver, Colo. :
_biAcademicBooks,
_cc2000.
300 _axi, 265 p. :
_bill. ;
_c22 cm.
504 _aIncludes bibliographical references (p. [242]-261) and index.
650 0 _aEnvironmental degradation
_xSocial aspects
_zSouth Asia.
650 0 _aEnvironmental policy
_zSouth Asia
_xInternational cooperation.
650 0 _aEnvironmental protection
_zSouth Asia
_xInternational cooperation.
650 0 _aSecurity, International
_xEnvironmental aspects.
906 _a7
_bcbc
_corignew
_d1
_eocip
_f20
_gy-gencatlg
942 _2ddc
_cBK